| 000 | 00849nam a22001337a 4500 | ||
|---|---|---|---|
| 040 | _cRUA | ||
| 082 | _aMGR SOU 2009 B397 Or.1 | ||
| 100 | _aSOU SAVORN ; ស៊ូ សាវ៉ន | ||
| 245 | _aAppropriate rate of 2.4 D (zico 720 SL) to control weed and effect on rice and fish in battambang province, បរិមាណសមស្របនៃថ្នំា ២,៤ ឌី (ហ្ស៊ីកូ ៧២០ អេសអិល) ក្នុងការកំចាត់ស្មៅ និងឥទ្ធិពលរបស់វាចំពោះដំណាំស្រូវ និងត្រី នៅក្នុងខេត្តបាត់ដំបង | ||
| 260 |
_aPhnom Penh _bRUA _c2009 |
||
| 300 |
_axiv ;64p. _bill. _c29cm. |
||
| 856 | _uhttps://drive.google.com/file/d/1EQqk_34txCVscY0m4OYGg2upVQTxeZmH/view?usp=sharing | ||
| 942 | _cNRM | ||
| 999 |
_c6759 _d6759 |
||